000 00448nam a2200145 4500
001 119457
003 ES-MaACL
007 t|
008 070214s1982 sp r ||||1| spa d
100 1 _aPérez Luque, Antonio.
_990989
245 1 4 _aLos derechos económicos de los funcionarios de la Administración Local /
_cAntonio Pérez Luque.
260 _aJaén :
_bHesperia,
_c1982.
300 _a516 p. ;
_c22 cm.
852 _aES-MaACL
_jL-4632
_bR.104384
999 _c119457
_d119457